Evaluation of low external inputs in small scale aquaculture (ការវាយតំលៃលើការប្រើប្រាស់ធនធាននៅមូលដ្ឋានដែលអាចរកបាននៅក្នុងវារីវប្បកម្មទ្រង់ទ្រាយតូច) (Record no. 3668)
[ view plain ]
| 000 -LEADER | |
|---|---|
| fixed length control field | 00672nam a22001577a 4500 |
| 003 - CONTROL NUMBER IDENTIFIER | |
| control field | OSt |
| 005 - DATE AND TIME OF LATEST TRANSACTION | |
| control field | 20151120095601.0 |
| 008 - FIXED-LENGTH DATA ELEMENTS--GENERAL INFORMATION | |
| fixed length control field | 151120b xxu||||| |||| 00| 0 eng d |
| 040 ## - CATALOGING SOURCE | |
| Transcribing agency | RUA |
| 082 ## - DEWEY DECIMAL CLASSIFICATION NUMBER | |
| Classification number | FIS LIM 1996 B162 Or.1 |
| 100 ## - MAIN ENTRY--PERSONAL NAME | |
| 9 (RLIN) | 3945 |
| Personal name | LIM, NGETH. |
| 245 ## - TITLE STATEMENT | |
| Title | Evaluation of low external inputs in small scale aquaculture (ការវាយតំលៃលើការប្រើប្រាស់ធនធាននៅមូលដ្ឋានដែលអាចរកបាននៅក្នុងវារីវប្បកម្មទ្រង់ទ្រាយតូច) |
| 260 ## - PUBLICATION, DISTRIBUTION, ETC. (IMPRINT) | |
| Place of publication, distribution, etc. | Phnom Penh |
| Name of publisher, distributor, etc. | ill. |
| Date of publication, distribution, etc. | 29cm. |
| 300 ## - PHYSICAL DESCRIPTION | |
| Extent | 99p. |
| Other physical details | ill. |
| Dimensions | 29cm. |
| 942 ## - ADDED ENTRY ELEMENTS (KOHA) | |
| Source of classification or shelving scheme | |
| Koha item type | FIS |
| Price effective from | Date last seen | Permanent Location | Not for loan | Date acquired | Source of classification or shelving scheme | Koha item type | Barcode | Lost status | Damaged status | Shelving location | Withdrawn status | Current Location | Full call number |
|---|---|---|---|---|---|---|---|---|---|---|---|---|---|
| 2015-11-20 | 2015-11-20 | Library Block B | 2015-11-20 | FIS | RUA025797 | B162 | Library Block B | FIS LIM 1996 B162 Or.1 | |||||
| 2015-11-20 | 2015-11-20 | Library Block B | 2015-11-20 | FIS | RUA025942 | B162 | Library Block B | FIS LIM 1996 B162 Or.2 | |||||
| 2015-11-20 | 2015-11-20 | Library Block B | 2015-11-20 | FIS | RUA025870 | B162 | Library Block B | FIS LIM 1996 B162 Or.3 | |||||
| 2015-11-20 | 2015-11-20 | Library Block B | 2015-11-20 | FIS | RUA011006 | B162 | Library Block B | FIS LIM 1996 B162 Or.4 | |||||
| 2015-11-20 | 2015-11-20 | Library Block B | 2015-11-20 | FIS | RUA025655 | B162 | Library Block B | FIS LIM 1996 B162 Or.5 | |||||
| 2015-11-20 | 2015-11-20 | Library Block B | 2015-11-20 | FIS | RUA025727 | B162 | Library Block B | FIS LIM 1996 B162 Or.6 | |||||
| 2015-11-20 | 2015-11-20 | Library Block B | 2015-11-20 | FIS | RUA011148 | B162 | Library Block B | FIS LIM 1996 B162 Or.7 | |||||
| 2015-11-20 | 2015-11-20 | Library Block B | 2015-11-20 | FIS | RUA025654 | B162 | Library Block B | FIS LIM 1996 B162 Or.8 | |||||
| 2015-11-20 | 2015-11-20 | Library Block B | 2015-11-20 | FIS | RUA011618 | B162 | Library Block B | FIS LIM 1996 B162 Or.9 | |||||
| 2015-11-20 | 2015-11-20 | Library Block B | 2015-11-20 | FIS | RUA025582 | B162 | Library Block B | FIS LIM 1996 B162 Or.10 | |||||
| 2015-11-20 | 2015-11-20 | Library Block B | 2015-11-20 | FIS | RUA025941 | B162 | Library Block B | FIS LIM 1996 B162 Or.11 |